[Event "Verden op-B"]
[Site "Verden"]
[Date "2023.01.06"]
[Round "4"]
[White "Schwenke, Stefan"]
[Black "Ramme, Georg"]
[Result "1-0"]
[WhiteElo "1818"]
[BlackElo "1607"]
[PlyCount "45"]
[EventDate "2023.01.05"]
[EventType "swiss"]
[EventRounds "7"]
[EventCountry "GER"]
[SourceTitle "CBM 212 Extra"]
[Source "ChessBase"]
[SourceDate "2023.03.31"]
[SourceVersion "1"]
[SourceVersionDate "2023.03.31"]
[SourceQuality "1"]

1. e4 c6 2. d4 d5 3. Nc3 dxe4 4. Nxe4 Bf5 5. Ng3 Bg6 6. h4 h6 7. Nf3 Nd7 8. Bd3 Bxd3 9. Qxd3 Qc7 10. Be3 Ngf6 11. h5 e6 12. Nd2 Nd5 13. 0-0-0 Qa5 14. Kb1 Qc7 15. c4 Nb4 16. Qc3 0-0-0 17. Rc1 Kb8 18. Ne2 Qa5 19. a3 Qf5+ 20. Ka1 Na6 21. Ng3 Qg4 22. Rh3 f5 23. f3 1-0

[Event "Hannover Bezirks-ch B"]
[Site "Lehrte"]
[Date "2019.10.06"]
[Round "7.10"]
[White "Scholz, Tom"]
[Black "Ramme, Georg"]
[Result "0-1"]
[WhiteElo "1562"]
[BlackElo "1505"]
[PlyCount "88"]
[EventDate "2019.10.03"]
[EventType "swiss"]
[EventRounds "7"]
[EventCountry "GER"]
[SourceTitle "EXT 2023"]
[Source "ChessBase"]
[SourceDate "2022.10.05"]
[SourceVersion "1"]
[SourceVersionDate "2022.10.05"]
[SourceQuality "1"]

1. e4 c6 2. c4 e6 3. Nc3 Bb4 4. d4 d5 5. cxd5 exd5 6. e5 f6 7. Nf3 Bg4 8. h3 Bxf3 9. Qxf3 fxe5 10. Qh5+ g6 11. Qxe5+ Qe7 12. a3 Qxe5+ 13. dxe5 Bxc3+ 14. bxc3 Nd7 15. Bf4 Ne7 16. Rb1 b6 17. Bd3 Rf8 18. Bh2 0-0-0 19. f4 Nc5 20. Bc2 Ne6 21. 0-0 Nf5 22. Bxf5 gxf5 23. Kh1 h5 24. g4 hxg4 25. hxg4 fxg4 26. f5 Ng5 27. e6 Rh8 28. Rb2 Rdg8 29. Rg2 Nf3 30. f6 Rf8 31. f7 Kd8 32. Rff2 Ke7 33. Rxg4 Rxh2+ 34. Rxh2 Nxh2 35. Kxh2 Kxe6 36. Rg6+ Kd7 37. Rf6 c5 38. Kg3 Ke7 39. Rc6 Kd7 40. Rf6 Ke7 41. Rc6 Rxf7 42. Rc7+ Ke6 43. Rxf7 Kxf7 44. Kf4 Ke6 0-1

[Event "Hannover Bezirks-ch B"]
[Site "Lehrte"]
[Date "2019.10.04"]
[Round "3.6"]
[White "Kraeuter, Paavo Alexander"]
[Black "Ramme, Georg"]
[Result "1-0"]
[WhiteElo "1655"]
[BlackElo "1505"]
[PlyCount "99"]
[EventDate "2019.10.03"]
[EventType "swiss"]
[EventRounds "7"]
[EventCountry "GER"]
[SourceTitle "EXT 2023"]
[Source "ChessBase"]
[SourceDate "2022.10.05"]
[SourceVersion "1"]
[SourceVersionDate "2022.10.05"]
[SourceQuality "1"]

1. d4 Nf6 2. c4 e5 3. dxe5 Ng4 4. Bf4 Nc6 5. Nf3 Bb4+ 6. Nbd2 Qe7 7. e3 Ngxe5 8. Be2 d6 9. 0-0 h6 10. Nb3 Bd7 11. a3 Ba5 12. Nxa5 Nxa5 13. Qc2 Nac6 14. Nd4 0-0 15. b4 Qf6 16. Bg3 Rfe8 17. Rad1 Rad8 18. Nb5 Rc8 19. Nc3 Bg4 20. f3 Bh5 21. Nd5 Qd8 22. e4 f6 23. f4 Bxe2 24. Qxe2 Nf7 25. Qf3 Qd7 26. b5 Ne7 27. Ne3 Rcd8 28. h4 Qc8 29. f5 Kh7 30. Nc2 Ne5 31. Qe2 c5 32. a4 Nf7 33. Rd2 b6 34. Qd1 Qb8 35. Ne1 Ne5 36. Qe2 Nf7 37. Bh2 Qc7 38. g4 Rh8 39. Ng2 Rdf8 40. Nf4 Nd8 41. Rfd1 Nc8 42. Ng6 Nf7 43. Bf4 Re8 44. g5 Rhg8 45. Rd5 Ne5 46. Bxe5 dxe5 47. Rd7 Qb8 48. R1d5 Qa8 49. gxf6 Qxd5 50. exd5 1-0

[Event "Hannover Bezirks-ch B"]
[Site "Lehrte"]
[Date "2019.10.03"]
[Round "2.4"]
[White "Ramme, Georg"]
[Black "Pubantz, Richard"]
[Result "0-1"]
[WhiteElo "1505"]
[BlackElo "1703"]
[PlyCount "68"]
[EventDate "2019.10.03"]
[EventType "swiss"]
[EventRounds "7"]
[EventCountry "GER"]
[SourceTitle "EXT 2023"]
[Source "ChessBase"]
[SourceDate "2022.10.05"]
[SourceVersion "1"]
[SourceVersionDate "2022.10.05"]
[SourceQuality "1"]

1. Nf3 d5 2. d4 Nf6 3. c4 c6 4. Nc3 e6 5. Bg5 h6 6. Bd2 dxc4 7. e4 b5 8. e5 Nd5 9. Ne4 Nd7 10. a4 Bb7 11. axb5 cxb5 12. Ba5 N5b6 13. Nc3 Bc6 14. Be2 Qb8 15. Na2 Nd5 16. Qd2 Qb7 17. Nb4 Be7 18. 0-0 0-0 19. Rfc1 Nxb4 20. Bxb4 Nb6 21. Bxe7 Qxe7 22. b3 Bd5 23. bxc4 Bxc4 24. Bxc4 Nxc4 25. Qd1 Qb7 26. Qb3 Rfb8 27. Rab1 Qd5 28. Qb4 a5 29. Qc3 Rc8 30. Qd3 b4 31. h3 Rc6 32. Qb3 Rac8 33. Ra1 Nb6 34. Qe3 Rc3 0-1

[Event "Niedersachsen-ch op B"]
[Site "Verden"]
[Date "2019.01.06"]
[Round "7"]
[White "Alhamid, Mohamad"]
[Black "Ramme, Georg"]
[Result "0-1"]
[WhiteElo "1463"]
[BlackElo "1516"]
[PlyCount "64"]
[EventDate "2019.01.03"]
[EventType "swiss"]
[EventRounds "7"]
[EventCountry "GER"]
[SourceTitle "EXT 2022"]
[Source "ChessBase"]
[SourceDate "2021.10.06"]
[SourceVersion "1"]
[SourceVersionDate "2021.10.06"]
[SourceQuality "1"]

1. e4 c6 2. d4 d5 3. Nc3 dxe4 4. Nxe4 Bf5 5. Ng3 Bg6 6. h4 h6 7. h5 Bh7 8. Bd3 Bxd3 9. Qxd3 Qc7 10. Nf3 Nd7 11. Bd2 e6 12. Ne4 0-0-0 13. 0-0-0 Be7 14. Kb1 Ngf6 15. Nxf6 Bxf6 16. Qe2 Rhe8 17. g3 Qb6 18. Bf4 Qa5 19. Nd2 b5 20. c4 e5 21. dxe5 Bxe5 22. Bxe5 Nxe5 23. cxb5 Qxb5 24. Qe4 Nd3 25. Qg4+ f5 26. Qxg7 Re5 27. Nb3 Red5 28. Qxa7 Nxf2 29. Rxd5 Qxd5 30. Qxf2 Qxh1+ 31. Kc2 Qe4+ 32. Kc1 Qc4+ 0-1

[Event "Niedersachsen-ch op B"]
[Site "Verden"]
[Date "2019.01.03"]
[Round "2"]
[White "Ramme, Georg"]
[Black "Dunker, Lueder"]
[Result "1-0"]
[WhiteElo "1516"]
[BlackElo "1384"]
[PlyCount "97"]
[EventDate "2019.01.03"]
[EventType "swiss"]
[EventRounds "7"]
[EventCountry "GER"]
[SourceTitle "EXT 2022"]
[Source "ChessBase"]
[SourceDate "2021.10.06"]
[SourceVersion "1"]
[SourceVersionDate "2021.10.06"]
[SourceQuality "1"]

1. Nf3 c5 2. c4 e6 3. e4 Nc6 4. d3 Be7 5. Be2 Bf6 6. Nc3 Nge7 7. Bf4 Bxc3+ 8. bxc3 0-0 9. Bd6 b6 10. Qd2 Re8 11. h4 f5 12. e5 Bb7 13. d4 cxd4 14. cxd4 Nc8 15. c5 bxc5 16. dxc5 Qa5 17. Qxa5 Nxa5 18. Bc7 Bxf3 19. Bxf3 Nc6 20. Rd1 Re7 21. 0-0 a5 22. Bxc6 dxc6 23. Rd8+ Kf7 24. Bd6 Re8 25. Rd7+ Kg6 26. Rb1 Ra7 27. Rbb7 Rxb7 28. Rxb7 Nxd6 29. cxd6 Rc8 30. Rc7 Rd8 31. Rxc6 f4 32. Ra6 Kf5 33. Rxa5 h6 34. Rc5 Ke4 35. f3+ Kd4 36. Rb5 g5 37. hxg5 hxg5 38. Kf2 Ra8 39. Rb2 Kxe5 40. d7 Rd8 41. Rd2 Kf6 42. g3 e5 43. a4 Ke6 44. g4 Rxd7 45. Rxd7 Kxd7 46. Ke2 Kc6 47. Kd3 Kc5 48. Ke4 Kd6 49. a5 1-0

[Event "Niedersachsen-ch op B"]
[Site "Verden"]
[Date "2018.01.04"]
[Round "1"]
[White "Ramme, Georg"]
[Black "Herting, Malte"]
[Result "0-1"]
[WhiteElo "1509"]
[BlackElo "1673"]
[PlyCount "58"]
[EventDate "2018.01.04"]
[EventType "swiss"]
[EventRounds "7"]
[EventCountry "GER"]
[SourceTitle "EXT 2022"]
[Source "ChessBase"]
[SourceDate "2021.10.06"]
[SourceVersion "1"]
[SourceVersionDate "2021.10.06"]
[SourceQuality "1"]

1. Nf3 Nf6 2. d4 g6 3. c4 Bg7 4. Nc3 d6 5. e4 0-0 6. Be2 e5 7. 0-0 Nc6 8. d5 Ne7 9. h3 Ne8 10. Be3 f5 11. Qb3 b6 12. Rad1 h6 13. Ne1 f4 14. Bc1 g5 15. Bf3 Nf6 16. Nd3 h5 17. c5 g4 18. hxg4 hxg4 19. Nxe5 gxf3 20. Nxf3 Ng4 21. Ne2 Ng6 22. cxb6 axb6 23. Rfe1 N4e5 24. Nxe5 Bxe5 25. g3 fxg3 26. fxg3 Bg4 27. Kg2 Qd7 28. Qe3 Bf3+ 29. Kg1 Qh3 0-1

[Event "Niedersachsen-ch op-C"]
[Site "Verden"]
[Date "2017.01.06"]
[Round "3"]
[White "Ramme, Georg"]
[Black "Nietsch, Felix"]
[Result "1/2-1/2"]
[WhiteElo "1497"]
[BlackElo "1549"]
[PlyCount "90"]
[EventDate "2017.01.05"]
[EventType "swiss"]
[EventRounds "7"]
[EventCountry "GER"]
[SourceTitle "CBM 187 Extra"]
[Source "ChessBase"]
[SourceDate "2018.11.04"]
[SourceVersion "1"]
[SourceVersionDate "2018.11.04"]
[SourceQuality "1"]

1. Nf3 d5 2. d4 e6 3. c4 c6 4. Nc3 dxc4 5. e4 b5 6. a4 Bb4 7. Be2 a6 8. 0-0 Bb7 9. Qc2 h6 10. Rd1 Nf6 11. Be3 0-0 12. h3 Bxc3 13. bxc3 Qe7 14. Nd2 Nbd7 15. Bf3 e5 16. Nf1 Rfe8 17. Ng3 Rad8 18. Qc1 Qf8 19. Nf5 g5 20. Bxg5 hxg5 21. Qxg5+ Kh8 22. Qh4+ Nh7 23. Bh5 Ndf6 24. f3 Nxh5 25. Qxh5 Re6 26. Qh4 Bc8 27. Kh1 Rg6 28. dxe5 Rxd1+ 29. Rxd1 f6 30. Rd6 bxa4 31. e6 Bxe6 32. Rxe6 a3 33. Rxc6 Qd8 34. Rd6 Qb8 35. Rd7 Qb1+ 36. Kh2 Qb8+ 37. f4 Qg8 38. g4 a2 39. Rd1 Qb8 40. Rd7 Qb2+ 41. Kg3 Qxc3+ 42. Kf2 Qc2+ 43. Kf3 Qc3+ 44. Ne3 Rg7 45. Rd8+ Rg8 1/2-1/2

[Event "Niedersachsen-ch op-C"]
[Site "Verden"]
[Date "2017.01.05"]
[Round "2"]
[White "Vaduva, Ilie"]
[Black "Ramme, Georg"]
[Result "1/2-1/2"]
[WhiteElo "1716"]
[BlackElo "1497"]
[PlyCount "70"]
[EventDate "2017.01.05"]
[EventType "swiss"]
[EventRounds "7"]
[EventCountry "GER"]
[SourceTitle "CBM 187 Extra"]
[Source "ChessBase"]
[SourceDate "2018.11.04"]
[SourceVersion "1"]
[SourceVersionDate "2018.11.04"]
[SourceQuality "1"]

1. e4 c6 2. Nf3 d5 3. exd5 cxd5 4. d4 Bg4 5. Be2 Nc6 6. Nbd2 Nf6 7. c3 e6 8. Ne5 Bxe2 9. Qxe2 Qc7 10. 0-0 Bd6 11. f4 0-0-0 12. a3 h6 13. g3 h5 14. Ndf3 Ne4 15. Kg2 f6 16. Ng6 Rhe8 17. Be3 Qf7 18. Nfh4 Ne7 19. Qxh5 Kb8 20. g4 f5 21. Nxe7 Qxe7 22. Ng6 Qf7 23. Rf3 Nf6 24. Ne5 Qxh5 25. gxh5 Bxe5 26. dxe5 Nxh5 27. h4 Rc8 28. Rc1 Rc4 29. Bd4 Rec8 30. Rd1 Rh8 31. Rh1 Rh6 32. Kf2 Rg6 33. Rg1 Rg4 34. Rxg4 fxg4 35. Rg3 Nxg3 1/2-1/2

[Event "Hannover-chB"]
[Site "Lehrte"]
[Date "2016.10.01"]
[Round "1"]
[White "Ramme, Georg"]
[Black "Seidenstuecker, Hans Lennart"]
[Result "0-1"]
[WhiteElo "1497"]
[BlackElo "1723"]
[PlyCount "58"]
[EventDate "2016.10.01"]
[EventType "swiss"]
[EventRounds "7"]
[EventCountry "GER"]
[SourceTitle "EXT 2020"]
[Source "ChessBase"]
[SourceDate "2019.10.17"]
[SourceVersion "1"]
[SourceVersionDate "2019.10.17"]
[SourceQuality "1"]

1. Nf3 c5 2. d4 cxd4 3. Nxd4 Nc6 4. Nxc6 bxc6 5. e4 g6 6. Bc4 Bg7 7. 0-0 e6 8. c3 d5 9. exd5 cxd5 10. Bb5+ Bd7 11. Qa4 Rb8 12. Bxd7+ Qxd7 13. Qxd7+ Kxd7 14. Nd2 Ne7 15. Nb3 Rhc8 16. Be3 Nc6 17. Rfd1 Ke8 18. Rab1 a5 19. Kf1 a4 20. Nd4 Nxd4 21. cxd4 Rc2 22. b4 Rxa2 23. Rdc1 Bf8 24. b5 a3 25. Rc3 Rb2 26. Rxb2 axb2 27. Rb3 Ba3 28. Ke1 Rc8 29. Bd2 Rc1+ 0-1

[Event "Niedersachsen-ch op-B"]
[Site "Verden"]
[Date "2016.01.05"]
[Round "6"]
[White "Ramme, Georg"]
[Black "Flauss, Jessica"]
[Result "1/2-1/2"]
[WhiteElo "1591"]
[BlackElo "1468"]
[PlyCount "68"]
[EventDate "2016.01.03"]
[EventType "swiss"]
[EventRounds "7"]
[EventCountry "GER"]
[SourceTitle "EXT 2018"]
[Source "ChessBase"]
[SourceDate "2017.10.13"]
[SourceVersion "1"]
[SourceVersionDate "2017.10.13"]
[SourceQuality "1"]

1. Nf3 Nc6 2. d4 d5 3. c4 e6 4. Nc3 Nf6 5. Bg5 Be7 6. e3 0-0 7. Rc1 Nb8 8. a3 c6 9. Be2 Nbd7 10. 0-0 Nb6 11. c5 Nbd7 12. b4 a6 13. Bd3 Nh5 14. Bxe7 Qxe7 15. Ne5 Nhf6 16. f4 g6 17. Kh1 h5 18. h3 Kg7 19. Nf3 Rh8 20. Ng5 Nh7 21. h4 Nhf6 22. Be2 Nf8 23. Bf3 N8h7 24. g3 Bd7 25. Rc2 Rab8 26. Re1 Rhe8 27. e4 Qd8 28. Rce2 Ra8 29. Re3 Ng8 30. exd5 exd5 31. Rxe8 Bxe8 32. Qd3 Nf8 33. Qe3 Bd7 34. Bd1 Ne6 1/2-1/2

[Event "Hannover-chA"]
[Site "Lehrte"]
[Date "2015.11.01"]
[Round "7"]
[White "Ramme, Georg"]
[Black "Mumm, Karen"]
[Result "1-0"]
[WhiteElo "1578"]
[BlackElo "1373"]
[PlyCount "92"]
[EventDate "2015.10.29"]
[EventType "swiss"]
[EventRounds "7"]
[EventCountry "GER"]
[SourceTitle "EXT 2021"]
[Source "ChessBase"]
[SourceDate "2020.10.23"]
[SourceVersion "1"]
[SourceVersionDate "2020.10.23"]
[SourceQuality "1"]

1. Nf3 Nf6 2. d4 g6 3. c4 Bg7 4. Nc3 0-0 5. e4 d6 6. Bf4 Nh5 7. Be3 f5 8. exf5 Bxf5 9. h3 Nf6 10. Nh4 Be6 11. d5 Bd7 12. Bd3 e5 13. Nf3 Qe8 14. Qc2 Na6 15. a3 Nc5 16. Bxc5 dxc5 17. 0-0-0 Nh5 18. Ne2 Bh6+ 19. Kb1 Nf4 20. Nxf4 Rxf4 21. Rde1 Bg7 22. Re3 Bf5 23. Rhe1 Bxd3 24. Qxd3 Rf5 25. R1e2 Qe7 26. g4 Rxf3 27. Rxf3 Re8 28. Rfe3 Qf6 29. Re4 g5 30. Qc3 a6 31. Qe1 h6 32. Qa5 Qd6 33. h4 Ra8 34. Qe1 Re8 35. hxg5 hxg5 36. Qh1 Kf7 37. Qh5+ Qg6 38. Qxg6+ Kxg6 39. Kc2 b6 40. b4 cxb4 41. axb4 Kf7 42. f3 Re7 43. Rd2 Rd7 44. Kc3 Ke7 45. Ra2 b5 46. Rxa6 bxc4 1-0

[Event "Hannover-chA"]
[Site "Lehrte"]
[Date "2015.10.31"]
[Round "6"]
[White "Ramme, Georg"]
[Black "Kieselbach, Petra"]
[Result "1/2-1/2"]
[WhiteElo "1578"]
[BlackElo "1545"]
[PlyCount "38"]
[EventDate "2015.10.29"]
[EventType "swiss"]
[EventRounds "7"]
[EventCountry "GER"]
[SourceTitle "EXT 2021"]
[Source "ChessBase"]
[SourceDate "2020.10.23"]
[SourceVersion "1"]
[SourceVersionDate "2020.10.23"]
[SourceQuality "1"]

1. Nf3 d5 2. d4 Nf6 3. c4 e6 4. Nc3 c6 5. e3 Nbd7 6. Bd3 Bd6 7. 0-0 0-0 8. Bd2 Qc7 9. c5 Be7 10. b4 e5 11. e4 dxe4 12. Nxe4 exd4 13. Nxd4 Nxe4 14. Bxe4 Nf6 15. Bf3 Rd8 16. Be3 Nd5 17. Qb3 Nxe3 18. fxe3 Bf6 19. Rad1 Qe5 1/2-1/2

[Event "Niedersachsen-ch op-B"]
[Site "Verden"]
[Date "2015.01.03"]
[Round "4"]
[White "Seidenstuecker, Hans Lennart"]
[Black "Ramme, Georg"]
[Result "1/2-1/2"]
[WhiteElo "1417"]
[BlackElo "1569"]
[PlyCount "59"]
[EventDate "2015.01.02"]
[EventType "swiss"]
[EventRounds "7"]
[EventCountry "GER"]
[SourceTitle "EXT 2018"]
[Source "ChessBase"]
[SourceDate "2017.10.13"]
[SourceVersion "1"]
[SourceVersionDate "2017.10.13"]
[SourceQuality "1"]

1. c4 Nf6 2. Nc3 e6 3. d4 d5 4. Bg5 Be7 5. cxd5 exd5 6. e3 c6 7. Qc2 Be6 8. Bd3 Nbd7 9. Nf3 h6 10. Bh4 Rc8 11. 0-0 c5 12. Bxf6 Bxf6 13. Nb5 Qb6 14. a4 c4 15. Bf5 a6 16. Nc3 0-0 17. a5 Qd6 18. Bxe6 Qxe6 19. Qa4 Rc6 20. Ne1 Qg4 21. Nxd5 Bd8 22. Nf3 Qe4 23. Nc3 Qg4 24. h3 Qg6 25. Rfe1 Re8 26. d5 Nc5 27. Qd1 Rd6 28. Nd2 Nd3 29. Nxc4 Nxe1 30. Qxe1 1/2-1/2

[Event "Hannover-chA"]
[Site "Lehrte"]
[Date "2014.10.27"]
[Round "6"]
[White "Ramme, Georg"]
[Black "Grenz, Michael"]
[Result "1/2-1/2"]
[WhiteElo "1569"]
[BlackElo "1334"]
[PlyCount "42"]
[EventDate "2014.10.25"]
[EventType "swiss"]
[EventRounds "7"]
[EventCountry "GER"]
[SourceTitle "EXT 2021"]
[Source "ChessBase"]
[SourceDate "2020.10.23"]
[SourceVersion "1"]
[SourceVersionDate "2020.10.23"]
[SourceQuality "1"]

1. Nf3 d5 2. d4 Nf6 3. c4 e6 4. Nc3 c6 5. e3 Nbd7 6. a3 Bd6 7. c5 Bc7 8. b4 0-0 9. Bd3 e5 10. dxe5 Nxe5 11. Be2 Bg4 12. Bb2 Bxf3 13. Bxf3 Nxf3+ 14. Qxf3 Be5 15. 0-0 Qc7 16. h3 Ne4 17. Rfc1 Nd2 18. Qd1 Ne4 19. Qe2 f5 20. Nxe4 fxe4 21. Bxe5 Qxe5 1/2-1/2

[Event "Hannover-chA"]
[Site "Lehrte"]
[Date "2013.10.19"]
[Round "5"]
[White "Kieselbach, Petra"]
[Black "Ramme, Georg"]
[Result "1/2-1/2"]
[WhiteElo "1554"]
[BlackElo "1508"]
[PlyCount "46"]
[EventDate "2013.10.17"]
[EventType "swiss"]
[EventRounds "7"]
[EventCountry "GER"]
[SourceTitle "EXT 2021"]
[Source "ChessBase"]
[SourceDate "2020.10.23"]
[SourceVersion "1"]
[SourceVersionDate "2020.10.23"]
[SourceQuality "1"]

1. d4 Nf6 2. Nf3 d5 3. c3 c6 4. e3 Bf5 5. Bd3 Bxd3 6. Qxd3 Nbd7 7. b3 e6 8. 0-0 Bd6 9. Ba3 Bxa3 10. Nxa3 Qe7 11. Nb1 0-0 12. Nbd2 e5 13. dxe5 Nxe5 14. Nxe5 Qxe5 15. c4 Rad8 16. Qc2 Rfe8 17. Nf3 Qh5 18. cxd5 Rxd5 19. Rad1 Red8 20. Rxd5 Qxd5 21. Rc1 Qd3 22. Qxd3 Rxd3 23. Kf1 Kf8 1/2-1/2

[Event "Hannover-chA"]
[Site "Lehrte"]
[Date "2013.10.19"]
[Round "6"]
[White "Ramme, Georg"]
[Black "Heiseke, Gerhard"]
[Result "1-0"]
[WhiteElo "1508"]
[BlackElo "1237"]
[PlyCount "113"]
[EventDate "2013.10.17"]
[EventType "swiss"]
[EventRounds "7"]
[EventCountry "GER"]
[SourceTitle "EXT 2021"]
[Source "ChessBase"]
[SourceDate "2020.10.23"]
[SourceVersion "1"]
[SourceVersionDate "2020.10.23"]
[SourceQuality "1"]

1. Nf3 d5 2. d4 e6 3. c4 c6 4. Nc3 Nf6 5. e3 c5 6. dxc5 Bxc5 7. cxd5 Nxd5 8. Bb5+ Nc6 9. Ne5 Qc7 10. Nxc6 bxc6 11. Nxd5 exd5 12. Be2 Qa5+ 13. Bd2 Bb4 14. Rc1 Bxd2+ 15. Qxd2 Qxd2+ 16. Kxd2 Bd7 17. Rc5 Rb8 18. Rc2 0-0 19. b3 h6 20. h4 Rb6 21. h5 Bf5 22. Bd3 Bd7 23. Rh4 a5 24. Ra4 Ra8 25. Rc5 Kf8 26. Be2 Rb4 27. Rcxa5 Rxa4 28. Rxa4 Rxa4 29. bxa4 Ke7 30. Kc3 Kd6 31. Kb4 c5+ 32. Kb3 Kc7 33. a5 Kb7 34. f4 f6 35. g3 Be6 36. Kc3 f5 37. Bd3 c4 38. Bc2 Ka6 39. Kb4 Bd7 40. a3 Be6 41. Ba4 Bc8 42. Be8 Be6 43. Bc6 Ka7 44. Be8 Ka6 45. Bb5+ Ka7 46. Kc5 c3 47. Bd3 Bf7 48. Kd4 c2 49. Bxc2 Ka6 50. Bb3 Kxa5 51. Bxd5 Bxh5 52. Ke5 Bg4 53. Be6 g6 54. Kf6 Bh5 55. Kg7 Ka4 56. Kxh6 Kxa3 57. Bxf5 1-0